Statistiques concernant Éléments que les étoiles fusionnent

Cliquez ici pour prendre le quiz!

Statistiques générales

  • Ce quiz a été pris 547 fois
  • Le résultat moyen est 4 sur 7

Statistiques - réponses

Seuil minimalÉlément% Correct
0,08 MHydrogène
96%
0,5 MHélium
86%
8 MOxygène
86%
5 MCarbone
82%
8 MNéon
44%
Naine bruneLithium
35%
8 MSilicium
18%

Distribution des résultats

Percentile par nombre de réponses

% des personnes avec chaque résultat

Votre développement - résultats

Vous n’avez pas pris ce quiz